Loreto College Library, Kolkata
WEBOPAC (ONLINE PUBLIC ACCESS CATALOGUE)

Development and planning of modern education (Record no. 39785)

MARC details
000 -LEADER
fixed length control field 00547nam a2200205Ia 4500
005 - DATE AND TIME OF LATEST TRANSACTION
control field 20150202141350.0
008 - FIXED-LENGTH DATA ELEMENTS--GENERAL INFORMATION
fixed length control field 131103s9999 xx 000 0 und d
020 ## - ISBN | অাই এস বি এন
ISBN | অাই এস বি এন 9788125925316
PRICE 400.00
040 ## - CATALOGING SOURCE
Original cataloging agency Loreto College
041 ## - LANGUAGE CODE
Language code English
082 ## - DDC | ডিউই
Classification number | বর্গসংখ্যা 370.954
Book Number | গ্রন্থাঙ্ক AGG
100 ## - MAIN ENTRY--PERSONAL NAME | মুখ্য সংলেখ - ব্যাক্তিনাম
Personal name | ব্যাক্তিনাম Aggarwal,J.C.
245 ## - TITLE STATEMENT | অাখ্যা বিবরণী
Title | অাখ্যা Development and planning of modern education
Statement of responsibility | লেখকের দায়িত্বের বিবরণ J.C.Aggarwal
250 ## - EDITION STATEMENT | সংস্করণ ক্ষেত্র
Edition statement | সংস্করণ 9th ed.
260 ## - IMPRINT | প্রকাশনা ক্ষেত্র
Place of publication | প্রকাশ স্থান Delhi
Name of publisher | প্রকাশকের নাম Vikas Publishing House
Date of publication | প্রকাশ কাল 2013
300 ## - PHYSICAL DESCRIPTION |
Page / Vol. No | পৃষ্ঠা / খন্ড সংখ্যা viii,602 p.
Other physical details | অনান্য বাহ্যিক বিবরণ 22cm
650 ## - SUBJECT ADDED ENTRY--TOPICAL TERM | বিষয় শিরোনাম - মূল বিষয়
Topical term | মূল বিষয় Education-India
850 ## - HOLDING INSTITUTION
Holding institution LCLIB
942 ## - ADDED ENTRY ELEMENTS (KOHA)
Koha item type Books
Holdings
Withdrawn status Lost status Source of classification Damaged status Not for loan Home library Current library Date acquired Price Total Checkouts Full call number Accession No. Date last seen Date checked out Price effective from Koha item type
    Dewey Decimal Classification     Loreto College Loreto College 02/02/2015 400.00 24 370.954 AGG 51062 43324 07/05/2025 02/05/2025 02/02/2015 Books
    Dewey Decimal Classification     Loreto College Loreto College 02/02/2015 400.00 26 370.954 AGG 51063 43325 11/10/2023 04/10/2023 02/02/2015 Books